Statystyki dla Uczestnicy serii Ława WK

Kliknij tutaj aby rozwiązać quiz!

Ogólne statystyki

  • Ten quiz został rozwiązany 16 razy
  • Średni wynik to 16 z 55

Statystyki odpowiedzi

Odpowiedź% Poprawnych
Friz
88%
Mini Majk
81%
Kizo
75%
Tromba
69%
Bandura
63%
Isamu
63%
Lil Masti
63%
Medusa
63%
Dzinold
56%
Boxdel
50%
Gimper
50%
Kruszwil
50%
Mama Dubiela
50%
Marcin Dubiel
50%
Natsu
50%
Stifler
50%
Wojtek Gola
44%
Filipek
38%
Bagieta
31%
Kura
31%
Marta Linkiewicz
31%
Ojwojtek
31%
Bomba
25%
Bonus BGC
25%
Edzio
25%
Kaniowski
25%
Karwat
25%
Leksiu
25%
Big Jack
19%
BNT
19%
Czaro
19%
Dla Pieniedzy
19%
Don Kasjo
19%
Maksymalnie
19%
Mortalcio
19%
Pasut
19%
Sheo
19%
Skrzypas
19%
Czarek
13%
Czvjnik
13%
Franio
13%
Rafonix
13%
DeeJayPallaside
6%
Marianczello
6%
Pan Pawłowski
6%
PNTCMZ
6%
Adrian Trucker Paker
0%
Arab
0%
Don Diego
0%
Gadovsky
0%
Kon Dzwig
0%
Mr Polska
0%
Pablo Tybori
0%
Piotrek z Wip Bros
0%
Shymczyk
0%

Rozkład punktacji

Percentyl według liczby udzielonych odpowiedzi

Procent ludzi z każdym wynikiem

Twoja historia wyników

Nie rozwiązałeś tego quizu